| 000 | 01173cam a2200265 a 4500 | ||
|---|---|---|---|
| 003 | EG-GiCUC | ||
| 005 | 20250223032600.0 | ||
| 008 | 200917s2016 ua f m 000 0 ara d | ||
| 040 |
_aEG-GiCUC _bara _cEG-GiCUC |
||
| 041 | 0 | _aara | |
| 049 | _aاهداء | ||
| 097 | _aماجستير | ||
| 099 | _aCai01.34.M.A.2016.حس.ص | ||
| 100 | 0 | _aحسين محمد إبراهيم أبوعيسى | |
| 245 | 1 | 2 |
_aالصورة الفنية فى شعر ابن النبيه المصرى : _bFigures of image in the poetry of Ibn Alnabeih Almasri / _cحسين محمد إبراهيم أبو عيسى ؛ إشراف محمد زكريا عنانى : محمد محمود أبوعلى |
| 260 |
_aالبحيرة : _bحسين محمد إبراهيم أبوعيسى : _c2016 |
||
| 300 |
_a243ص ؛ _c30سم |
||
| 502 | _aاطروحة (ماجستير) - جامعة دمنهور - كلية الآداب - قسم اللغة العربية | ||
| 700 | 0 |
_aمحمد زكريا عنانى : _eمشرف |
|
| 700 | 0 |
_aمحمد محمود أبوعلى : _eمشرف |
|
| 856 | _uhttp://172.23.153.220/th.pdf | ||
| 905 |
_aNazla _eRevisor |
||
| 905 |
_aSamia _eCataloger |
||
| 942 |
_2ddc _cTH |
||
| 999 |
_c77805 _d77805 |
||